| 000 | 00558nam a2200193 a 4500 | ||
|---|---|---|---|
| 001 | 1455 | ||
| 003 | CDMR | ||
| 005 | 20131015152707.0 | ||
| 008 | 130130s1982||||||||||||||||||||||||||||d | ||
| 020 | _a8485337662 | ||
| 040 |
_aCDMR _bcat _cCDMR |
||
| 100 | 1 |
_aGuzmán, Eduardo de _91107 |
|
| 245 | 1 | 0 |
_aHistorias de la prensa _cEduardo de Guzmán ; prólogo de Edward Goodman |
| 260 |
_aMadrid _c1982 _bPenthalon |
||
| 650 | 0 | 4 |
_93729 _aPremsa _xHistòria _zEspanya |
| 650 | 0 | 4 |
_93470 _aPremsa i política |
| 650 | 0 | 4 |
_93073 _aLlibertat d'expressió |
| 942 |
_cMON _2udc |
||
| 999 |
_c1455 _d1455 |
||